| 000 | 00510nam a22001817a 4500 | ||
|---|---|---|---|
| 003 | SISC | ||
| 005 | 20160404105436.0 | ||
| 008 | 130822t xxu||||| |||| 00| 0 eng d | ||
| 020 | _a0860659674 | ||
| 050 |
_aHV 1481.I73 _b.L473 1992 |
||
| 082 |
_aHS 248.4 _b L49 1992 |
||
| 100 |
_aLedger, Christine _911900 |
||
| 245 |
_aCaring for the carers / _cChris Ledger. |
||
| 260 |
_aNorth Yorkshire : _bKingsway Publications Ltd, _cc1992. |
||
| 300 |
_a160 p. : _c19 cm. |
||
| 942 |
_2lcc _cBK |
||
| 999 |
_c8941 _d8941 |
||